000 00800nam a2200289 a 4500
001 41567
003 AR-BaAGN
005 20231116150810.0
007 ta
008 220625s1998 ag |||||r|||| ||||||spa d
020 _a987-96989-0-8
040 _dAR-BaAGN
_aAR-BaAGN
_bspa
_eaacr
110 1 _aBuenos Aires
245 1 0 _aLa Boca :
_bel color de Buenos Aires
250 _a1ª ed.
260 _aBuenos Aires :
_bGobierno de la Ciudad de Buenos Aires,
_c1998.
300 _a107 páginas :
_bilustraciones
336 _2rdacontent
_btxt
337 _2rdamedia
_bn
338 _2rdacarrier
_bnc
490 0 _aEducación y patrimonio ;
_v2
651 4 _aBuenos Aires
_94086
651 4 _aLa Boca (Buenos Aires : Barrio)
_93852
651 4 _aArgentina
_93645
942 _cLIBRO
999 _c41567
_d41567